Reversible Words Quiz Stats

Quiz Updated Apr 7, 2015

Challenge
Share
Tweet
Embed
Score 0/20 Timer 02:00
2 Plays Today
% Correct
STRAW
88.7%
LEVER
87.1%
WOLF
86.7%
PARTS
85.8%
REWARD
83.6%
RECAPS
82.3%
KNOB
82.2%
TOPED
77.1%
DELIVER
77.1%
REGAL
74.8%
% Correct
STRESSED
74.8%
POOLS
74.5%
TUBER
69.9%
MINED
68.4%
WARDER
65.8%
RENNET
64.8%
NAMETAG
61.3%
NONET
43%
ANIMAL
37.2%
STINKER
35.3%

You're not logged in!

Compare scores with friends on all Sporcle quizzes.
Sign Up with Email
OR
Log In

You Might Also Like...

Show Comments

Extras

Top Quizzes Today


Score Distribution

Your Account Isn't Verified!

In order to create a playlist on Sporcle, you need to verify the email address you used during registration. Go to your Sporcle Settings to finish the process.